000 00395nam a2200157Ia 4500
005 20250626015602.0
008 240331s9999 xx 000 0 und d
020 _a9559008099
082 _bATU
_a155
100 _aAtukorala, D.R
245 0 _aLama manovidyawa ha lama sanwardanaya
260 _aAlubomulla
_bN.S. Perera
_c1991
300 _a208 p .,
650 _aChild Development
942 _cL
999 _c1365
_d1365